| 000 | 00592nam a2200217Ia 4500 | ||
|---|---|---|---|
| 999 |
_c41201 _d41201 |
||
| 001 | 7853 | ||
| 003 | GE_BSU | ||
| 005 | 20221116110156.0 | ||
| 008 | 181216s2005ge xx |||||||||||||| ||ger|| | ||
| 020 | _a9783190016990 x | ||
| 040 | _cGE_BSU | ||
| 041 | _ager | ||
| 080 | _a811.112.1 R-68 | ||
| 100 |
_aRoche,Jorg _914840 |
||
| 245 |
_aFit fur den TestDaf : _bTipps und Übungen / _cJorg Roche. |
||
| 264 |
_aGermany : _bHueber-Verlag, _c2005. |
||
| 300 |
_a192 p.: _bIll; +2CD _c28 cm. |
||
| 653 | _aFit fur den TestDaf | ||
| 653 | _aგერმანული ენა | ||
| 942 |
_cBK _2udc |
||